| 000 | 00425nam a2200145Ia 4500 | ||
|---|---|---|---|
| 008 | 220204s9999 xx 000 0 und d | ||
| 082 |
_aNR:62:678.061(063) _bSEM |
||
| 245 | 0 | _aSeminar on latex products, Feb 24th 1991, Trivandrum | |
| 260 |
_aTrivandrum _bIndian Rubber Institute _c1991 |
||
| 650 | _aLatex foam | ||
| 650 | _aLatex goods | ||
| 650 | _aLatex products tests | ||
| 650 | _aMedical latex products | ||
| 942 | _cBK | ||
| 999 |
_c43582 _d43582 |
||